[Event "SVK-chT2C 2122"]
[Site "Slovakia"]
[Date "2021.10.16"]
[Round "1.6"]
[White "Staffen, Richard"]
[Black "Janik, Miroslav"]
[Result "1-0"]
[WhiteElo "2002"]
[BlackElo "1866"]
[PlyCount "81"]
[EventDate "2021.10.16"]
[EventType "team-tourn"]
[EventRounds "11"]
[EventCountry "SVK"]
[SourceTitle "EXT 2023"]
[Source "ChessBase"]
[SourceDate "2022.10.05"]
[SourceVersion "1"]
[SourceVersionDate "2022.10.05"]
[SourceQuality "1"]
[WhiteTeam "Zilina Mladost II"]
[BlackTeam "Dunajov III"]
[WhiteTeamCountry "SVK"]
[BlackTeamCountry "SVK"]

1. d4 Nf6 2. Bf4 d5 3. e3 c6 4. c4 Bf5 5. Nc3 e6 6. Bd3 Bxd3 7. Qxd3 dxc4 8. Qxc4 Nbd7 9. Nf3 Nd5 10. Bg3 N7b6 11. Qb3 Bd6 12. 0-0 Bxg3 13. hxg3 0-0 14. Nxd5 exd5 15. a4 a5 16. Rac1 Ra6 17. Ne5 Qd6 18. Qd3 Nd7 19. Nxd7 Qxd7 20. Rc5 Rfa8 21. Rfc1 Rb6 22. Qc3 h6 23. Rc2 Rba6 24. Re2 g6 25. e4 dxe4 26. Rxe4 Re8 27. Rxe8+ Qxe8 28. Re5 Qd8 29. Qe3 Ra8 30. Re7 c5 31. Rxb7 cxd4 32. Qf3 Qe8 33. Rxf7 Rb8 34. Rf4 Rd8 35. Qd3 Qc6 36. Rxd4 Rxd4 37. Qxd4 Qc1+ 38. Kh2 Qe1 39. Qf6 Qe8 40. Qb6 g5 41. Qxh6 1-0

[Event "SVK-chT2C 1819"]
[Site "Slovakia"]
[Date "2018.10.14"]
[Round "2.6"]
[White "Staffen, Richard"]
[Black "Brnusak, Tomas"]
[Result "1/2-1/2"]
[WhiteElo "2017"]
[BlackElo "1944"]
[PlyCount "68"]
[EventDate "2018.10.13"]
[EventType "team-tourn"]
[EventRounds "11"]
[EventCountry "SVK"]
[SourceTitle "CBM 187 Extra"]
[Source "ChessBase"]
[SourceDate "2018.11.04"]
[SourceVersion "1"]
[SourceVersionDate "2018.11.04"]
[SourceQuality "1"]
[WhiteTeam "Zilina Mladost II"]
[BlackTeam "Liptov Chess School III"]
[WhiteTeamCountry "SVK"]
[BlackTeamCountry "SVK"]

1. c4 Nf6 2. Nc3 g6 3. g3 Bg7 4. Bg2 d6 5. e3 0-0 6. Nge2 e5 7. 0-0 c6 8. d4 Nbd7 9. b3 Qc7 10. Bb2 Re8 11. Qd2 Nf8 12. Rfd1 Nh5 13. dxe5 dxe5 14. Qd6 Qxd6 15. Rxd6 Ne6 16. Rad1 f5 17. Na4 Bf8 18. R6d2 e4 19. a3 Nhg7 20. Nd4 Ng5 21. h4 Nf7 22. Bf1 Ne5 23. Be2 b6 24. Nc2 Nf7 25. Nb4 Bb7 26. Rd7 Rab8 27. Bf6 Ne6 28. h5 Bg7 29. Bxg7 Kxg7 30. hxg6 hxg6 31. Nc2 Red8 32. g4 Kf6 33. gxf5 gxf5 34. b4 Ne5 1/2-1/2

[Event "SVK-chT1E 1617"]
[Site "Slovakia"]
[Date "2016.11.20"]
[Round "4.8"]
[White "Adamciak, Tomas"]
[Black "Staffen, Richard"]
[Result "1-0"]
[WhiteElo "2028"]
[BlackElo "2027"]
[PlyCount "45"]
[EventDate "2016.10.15"]
[EventType "team-tourn"]
[EventRounds "11"]
[EventCountry "SVK"]
[SourceTitle "EXT 2018"]
[Source "ChessBase"]
[SourceDate "2017.10.13"]
[SourceVersion "1"]
[SourceVersionDate "2017.10.13"]
[SourceQuality "1"]
[WhiteTeam "Liptov Chess School II"]
[BlackTeam "Zilina Mladost"]
[WhiteTeamCountry "SVK"]
[BlackTeamCountry "SVK"]

1. e4 c5 2. Nc3 e6 3. Bc4 a6 4. a4 b6 5. d3 Bb7 6. f4 d5 7. Bb3 dxe4 8. Nxe4 Nf6 9. Qe2 Nc6 10. Nf3 Nd4 11. Nxd4 Qxd4 12. c3 Qd7 13. f5 Nxe4 14. fxe6 fxe6 15. dxe4 0-0-0 16. Bf4 e5 17. Bxe5 Re8 18. Rd1 Rxe5 19. Rxd7 Rxe4 20. Be6 Rxe2+ 21. Kxe2 Bc6 22. Rf7+ Kb8 23. Rd1 1-0